[Event "Cto de Aragon  Equipos Cat Preferente"]
[Site "Aragon"]
[Date "2010.02.27"]
[Round "6.49"]
[White "Chueca Forcen Alberto"]
[Black "Salamero Pelay Fernando"]
[Result "1-0"]
[WhiteElo "2276"]
[BlackElo "2131"]

1.d4 g6 2.c4 Bg7 3.Nc3 d6 4.e4 Nf6 5.Nf3 O-O 6.h3 Na6 7.g3 e5 8.Bg2 exd4 9.
Nxd4 Nc5 10.O-O a5 11.Re1 c6 12.Be3 a4 13.Qc2 Qa5 14.Rad1 Re8 15.Kh2 Be6 16.
Nxe6 Rxe6 17.Bxc5 Qxc5 18.Nxa4 Rxa4 19.Qxa4 Qxf2 20.Qa8+ Re8 21.Qxb7 Nh5 22.
Qb3 Be5 23.Re3 d5 24.cxd5 Rb8 25.Rf3 Bxg3+ 26.Kh1 Qc5 27.Qa3 Qc2 28.Qd3 Qxb2
29.Rxg3 Qe5 30.Rf3 cxd5 31.exd5 Rb2 32.Qe3 Qc7 33.d6 1-0

[Event "Cto de Aragon  Equipos Cat Preferente"]
[Site "Aragon"]
[Date "2010.02.27"]
[Round "6.50"]
[White "Gella Bitrian Diego"]
[Black "Melendez Fierro Juan Bautista"]
[Result "1/2-1/2"]
[WhiteElo "1950"]
[BlackElo "2241"]

1.e4 e6 2.d4 d5 3.Nd2 c5 4.exd5 exd5 5.Ngf3 a6 6.dxc5 Bxc5 7.Bd3 Nc6 8.O-O
Nge7 9.Re1 O-O 10.c3 Qb6 11.Qe2 Bf5 12.Bxf5 Nxf5 13.Nf1 d4 14.Ng3 Nxg3 15.hxg3
d3 16.Qf1 a5 17.Be3 Bxe3 18.Rxe3 Qxb2 19.Rxd3 Rad8 20.Rxd8 Rxd8 21.Qc1 Qxc1+
22.Rxc1 Kf8 23.Rb1 Rd7 24.Kf1 Ke7 25.Ke2 f6 26.Nd2 Ne5 27.Rb5 Kd8 28.f4 Nc6
29.Nb3 Re7+ 30.Kf2 Rd7 31.Nxa5 Nxa5 32.Rxa5 Rd2+ 33.Kf1 Rc2 34.Ra8+ Kc7 35.Rg8
g6 36.Rg7+ Kc6 37.Rxh7 Rxc3 38.Rf7 Rxg3 39.Rxf6+ Kc5 40.Kf2 Ra3 41.Rxg6 b5 42.
f5 b4 43.Re6 Rxa2+ 44.Re2 b3 45.f6 Ra6 46.Ke1 Rxf6 47.Kd2 Kb4 48.Re8 Ka3 49.
Ra8+ Kb2 50.g4 Rg6 51.Ra4 Rd6+ 52.Ke2 Kc3 53.Ra8 Rb6 54.Rc8+ Kd4 55.Rd8+ Kc4
56.Rc8+ Kb4 57.Kd2 Rh6 58.Kc1 Rh1+ 59.Kb2 Rh2+ 60.Kb1 Rg2 61.Rb8+ Kc4 1/2-1/2

[Event "Cto de Aragon  Equipos Cat Preferente"]
[Site "Aragon"]
[Date "2010.02.27"]
[Round "6.51"]
[White "Palacios Latasa Elias"]
[Black "Bellosta Lopez Pablo"]
[Result "1-0"]
[WhiteElo "2205"]
[BlackElo "1892"]

1.e4 c5 2.Nc3 d6 3.Nf3 Nf6 4.Bb5+ Nbd7 5.d4 cxd4 6.Qxd4 e5 7.Qd3 h6 8.O-O Be7
9.Nd2 O-O 10.Bxd7 Bxd7 11.Nc4 Be6 12.Rd1 Bxc4 13.Qxc4 Rc8 14.Qd3 Qb6 15.Qe2
Rfd8 16.Nd5 Nxd5 17.Rxd5 Rc5 18.c4 Rxd5 19.cxd5 Rc8 20.Bxh6 Qc7 21.Be3 Qc2 22.
Qxc2 Rxc2 23.Bxa7 Rxb2 24.Be3 b5 25.g3 Bd8 26.Kg2 Ba5 27.Rc1 Rxa2 28.Rc8+ Kh7
29.Rb8 Rb2 30.h4 Bc3 31.Kf3 g6 32.Rb6 b4 33.Rxd6 b3 34.Rb6 Rb1 35.Bc5 b2 36.
Ba3 Rd1 37.Bxb2 Rb1 38.Bxc3 Rxb6 39.Bxe5 f6 40.Bd4 Rd6 41.Bc5 Rd7 42.Ke3 Kg7
43.Kd4 Kf7 44.f4 Rb7 45.e5 Rb3 46.e6+ Ke8 47.d6 Rxg3 48.d7+ 1-0

[Event "Cto de Aragon  Equipos Cat Preferente"]
[Site "Aragon"]
[Date "2010.02.27"]
[Round "6.52"]
[White "Gomez Zazurca Rodolfo"]
[Black "Hernando Garcia Antonio"]
[Result "0-1"]
[WhiteElo "1881"]
[BlackElo "2203"]

1.e4 d5 2.exd5 Qxd5 3.Nc3 Qd8 4.d4 c6 5.Bc4 Bf5 6.Nf3 e6 7.O-O Nd7 8.Qe2 Be7
9.Re1 Ngf6 10.a4 O-O 11.Bf4 Nb6 12.Bb3 Nbd5 13.Nxd5 cxd5 14.Ne5 h6 15.g4 Bh7
16.g5 hxg5 17.Bxg5 Ne4 18.Bxe7 Qxe7 19.Kh1 Qh4 20.Nd3 Ng5 21.Ne5 f6 22.Qg4
Qxg4 23.Nxg4 Be4+ 24.Kg1 Nf3+ 25.Kf1 Nxe1 26.Rxe1 Kf7 27.Re3 Rac8 28.c3 Rh8
29.f3 Bf5 30.Kg1 Rh4 31.Bd1 Rch8 32.b3 Bxg4 33.fxg4 Rxh2 34.Be2 Rh1+ 35.Kg2
R8h2+ 36.Kg3 Rh3+ 0-1

[Event "Cto de Aragon  Equipos Cat Preferente"]
[Site "Aragon"]
[Date "2010.02.27"]
[Round "6.53"]
[White "Laliena Solares Luis M"]
[Black "Horton Justin"]
[Result "1-0"]
[WhiteElo "2234"]
[BlackElo "2106"]

1.d4 d5 2.Bf4 c5 3.e3 Nc6 4.c3 Nf6 5.Nd2 Qb6 6.Qb3 Bf5 7.Qxb6 axb6 8.f3 e6 9.
g4 Bg6 10.h4 h5 11.g5 Nd7 12.Bh3 Be7 13.Ne2 Bd3 14.Bg3 Bxe2 15.Kxe2 O-O 16.a3
cxd4 17.exd4 b5 18.Kf2 g6 19.Rhe1 Nb6 20.Re2 b4 21.Bc7 Na4 22.axb4 Nxb2 23.Rb1
Na4 24.b5 Na7 25.Re3 b6 26.c4 Rfc8 27.Ra1 Nb2 28.Bxb6 dxc4 29.Bxa7 c3 30.Nb3
c2 31.b6 Nd1+ 32.Ke2 Nxe3 33.b7 Nd5 34.Rc1 Rcb8 35.bxa8=Q Rxa8 36.Bc5 Bxc5 37.
dxc5 Ra3 38.Rxc2 Rxb3 39.Kf2 Rb8 40.Bf1 Rc8 41.Bb5 Kf8 42.c6 Ke7 43.Ba6 Nb4
44.Bxc8 Nxc2 45.c7 Kd6 46.Bxe6 Kxc7 47.Bxf7 1-0

[Event "Cto de Aragon  Equipos Cat Preferente"]
[Site "Aragon"]
[Date "2010.02.27"]
[Round "6.55"]
[White "Sanz Lopez Ruben"]
[Black "Abos Rosico Antonio"]
[Result "0-1"]
[WhiteElo "1897"]
[BlackElo "2047"]

1.d4 Nf6 2.Bg5 c5 3.Bxf6 exf6 4.d5 g6 5.e4 Bg7 6.Nc3 d6 7.Bd3 O-O 8.Qd2 a6 9.
a4 Re8 10.Nge2 Nd7 11.O-O Ne5 12.Ng3 h5 13.h4 f5 14.exf5 Qxh4 15.Be2 Bxf5 16.
Nxf5 gxf5 17.g3 Qh3 18.Qg5 Ng4 19.Bxg4 Qxg4 20.Qxg4 fxg4 21.Rfe1 Bxc3 22.bxc3
Kg7 23.Kf1 Kf6 24.c4 Rad8 25.Rab1 Rxe1+ 26.Kxe1 Rd7 27.Kd2 Re7 28.Kd3 Kg5 29.
Rb6 Rd7 30.Rb1 h4 31.gxh4+ Kxh4 32.Rh1+ Kg5 33.Re1 Kf4 34.Re3 f5 35.Ke2 Rh7
36.Re6 Rh2 37.Kf1 g3 38.fxg3+ Kxg3 39.Rxd6 Rxc2 40.Rb6 Rxc4 41.Rxb7 Rxa4 42.
Rb3+ Kf4 43.Rd3 Ra1+ 44.Ke2 Rh1 45.Rc3 Rh2+ 46.Ke1 Rh6 47.Rxc5 Rd6 48.Rc6 Ke5
49.Rc8 Rxd5 50.Ra8 a5 51.Ke2 Kf4 52.Ra6 Re5+ 53.Kf2 Rb5 54.Rc6 Rb4 55.Rc3 a4
56.Rf3+ Ke5 57.Ra3 f4 58.Ra2 Kf5 59.Ra1 Rc4 60.Ra3 Kg4 61.Ra2 Rb4 62.Kg2 f3+
63.Kf2 Re4 64.Ra3 Rb4 65.Ra2 Kf4 66.Kg1 Ke3 67.Ra1 f2+ 68.Kf1 Rb3 69.Kg2 Rb4
70.Kf1 Rf4 71.Ra3+ Kd2 72.Rh3 Kc2 73.Rh8 a3 74.Ra8 Kb3 75.Rb8+ Rb4 76.Ra8 a2
77.Kxf2 Kb2 0-1

[Event "Cto de Aragon  Equipos Cat Preferente"]
[Site "Aragon"]
[Date "2010.02.27"]
[Round "6.56"]
[White "Perez Puyal Jose Joaquin"]
[Black "Gimeno Diaz Fernando"]
[Result "1-0"]
[WhiteElo "1909"]
[BlackElo "1896"]

1.e4 c5 2.Nc3 Nc6 3.Bb5 g6 4.Bxc6 dxc6 5.d3 Bg7 6.f4 Nf6 7.Nf3 O-O 8.O-O Be6
9.Ng5 Bg4 10.Qe1 c4 11.e5 Ne8 12.dxc4 Qd4+ 13.Be3 Qxc4 14.b3 Qb4 15.a3 Qa5 16.
b4 Qa6 17.Bc5 f6 18.Qh4 fxg5 19.Qxg4 Qc4 20.Qh3 gxf4 21.Rae1 Rf5 22.Re4 Qe6
23.Bd4 Nc7 24.Ne2 b6 (24...g5 25.c4 Bxe5 26.Rf2 Raf8 27.Nxf4 gxf4 28.Qg4+ Kh8
29.Rxe5 Rxe5 30.Qxe6 Nxe6 31.Bxe5+ Kg8) 25.Nxf4 Qc4 26.Qd3 Qxd3 27.Nxd3 Rxf1+
28.Kxf1 Ne6 29.Ke2 Rd8 30.Be3 Rd5 31.c4 Rd8 32.c5 b5 33.g3 Rf8 34.Bf4 g5 35.
Be3 Rf5 36.g4 Rf8 37.Bf2 Rd8 38.Be3 Kf7 39.Ne1 Kg6 40.Nf3 h6 41.h4 Ra8 42.h5+
Kf7 43.Kd3 a5 44.Kc3 axb4+ 45.axb4 Ra1 46.Kb2 Rf1 47.Nd2 Rh1 48.Nb3 Rh2+ 49.
Kc3 Nc7 50.Nd4 Nd5+ 51.Kb3 Rh3 52.e6+ Kf8 53.Nf5 Nxe3 $2 {En esta posición los dos teníamos apuros de tiempo.}
(53...Nc3 54.Rd4 Bxd4 55.Bxd4 Ne2+ 56.Kb2 Nxd4 57.Nxd4 Rh4 58.Nxc6 Rxg4) 54.
Rxe3 Rxe3+ 55.Nxe3 Bf6 56.Nf5 Bg7 57.Kc2 Be5 58.Kd3 Bb2 59.Nxh6 Kg7 60.Nf7 Kf6
61.Nd8 Ke5 62.Nxc6+ Kxe6 63.Nd4+ Kd5 64.Nxb5 e5 65.Nc7+ Kc6 66.Ne6 Kb5 67.Ke4
Kxb4 68.c6 Kb5 69.c7 Bd4 70.Nxd4+ exd4 71.c8=Q 1-0

[Event "Cto de Aragon  Equipos Cat Preferente"]
[Site "Aragon"]
[Date "2010.02.27"]
[Round "6.57"]
[White "Donoso Sanchez Alejandro"]
[Black "Lucea Valero Alejandro"]
[Result "1-0"]
[WhiteElo "2111"]
[BlackElo "1982"]

1.e4 d5 2.exd5 Qxd5 3.Nc3 Qa5 4.Bc4 Nf6 5.Qe2 Bg4 6.f3 Bf5 7.g4 Bg6 8.f4 h5 9.
f5 Bh7 10.Bxf7+ Kd8 11.h3 Bg8 12.Bxg8 Rxg8 13.Nf3 hxg4 14.hxg4 Nxg4 15.Qe4 Nf6
16.Qxb7 c6 17.Nd4 Qe5+ 18.Nce2 1-0

[Event "Cto de Aragon  Equipos Cat Preferente"]
[Site "Aragon"]
[Date "2010.02.27"]
[Round "6.58"]
[White "Minguez Guinda Andres"]
[Black "Sanmiguel Mateo Luis"]
[Result "1/2-1/2"]
[WhiteElo "1896"]
[BlackElo "1968"]

1.e4 c6 2.d4 d5 3.e5 c5 4.Nf3 Bg4 5.dxc5 Nc6 6.Bb5 e6 7.b4 Qc7 8.Qd4 Bxf3 9.
gxf3 Ne7 10.f4 Nf5 11.Qb2 Be7 12.Nd2 O-O 13.Bxc6 Qxc6 14.a3 Rfd8 15.Rg1 Rac8
16.Qb3 a5 17.c3 b6 18.cxb6 axb4 19.axb4 Qxb6 20.Rb1 Bh4 21.Rg3 Bxg3 22.hxg3
1/2-1/2

[Event "Cto de Aragon  Equipos Cat Preferente"]
[Site "Aragon"]
[Date "2010.02.27"]
[Round "6.59"]
[White "Serrano San Nicolas Angel"]
[Black "Buil Montanes Carlos"]
[Result "1/2-1/2"]
[WhiteElo "1865"]
[BlackElo "1895"]

1.e4 c5 2.Nf3 e6 3.b4 b6 4.bxc5 bxc5 5.Nc3 Nc6 6.Rb1 Be7 7.Bb5 Nd4 8.Nxd4 cxd4
9.Ne2 a6 10.Bc4 Qc7 11.d3 e5 12.O-O Nf6 13.Ng3 d6 14.h3 O-O 15.Qe2 Be6 16.Bxe6
fxe6 17.Bg5 Rab8 18.Rb3 Rxb3 19.cxb3 Rc8 20.Rc1 Qd7 21.Rc4 Rxc4 22.bxc4 Qb7
23.Qc2 h6 24.Bd2 1/2-1/2

[Event "Cto de Aragon  Equipos Cat Preferente"]
[Site "Aragon"]
[Date "2010.02.27"]
[Round "6.60"]
[White "Lencina Orodea Javier"]
[Black "Juni Pardos Marcos"]
[Result "0-1"]
[WhiteElo "1781"]
[BlackElo "1820"]

1.d4 d5 2.c4 c6 3.Nf3 Nf6 4.Nc3 e6 5.Bg5 Be7 6.e3 Nbd7 7.Bd3 dxc4 8.Bxc4 b5 9.
Bd3 a6 10.O-O h6 11.Bxf6 Nxf6 12.a3 O-O 13.Rc1 Bb7 14.Ne4 Rc8 15.Nxf6+ Bxf6
16.Rc5 Be7 17.Rh5 c5 18.Bb1 cxd4 19.Qd3 f5 20.Nxd4 Qe8 21.Rh3 Bd5 22.Nxf5 Rxf5
23.g4 Bc4 24.Qe4 Bxf1 25.gxf5 Bxh3 0-1

[Event "Cto de Aragon  Equipos Cat Preferente"]
[Site "Aragon"]
[Date "2010.02.27"]
[Round "6.61"]
[White "Cebollada Pacheco Jesus Raul"]
[Black "Neila Castillo Miguel Angel"]
[Result "0-1"]
[WhiteElo "1989"]
[BlackElo "2079"]

1.e4 d5 2.exd5 Qxd5 3.Nc3 Qa5 4.Bc4 Nf6 5.d3 c6 6.Qe2 Qc7 7.Bd2 Nbd7 8.O-O-O
b5 9.Bb3 a5 10.a4 Nc5 11.Nf3 Nxb3+ 12.cxb3 e6 13.Nd4 bxa4 14.bxa4 Qb6 15.Be3
Bc5 16.Nf5 O-O 17.Nd6 Rb8 18.Nc4 Bxe3+ 19.Nxe3 Ba6 20.Nc4 Qb4 21.Ne5 Rfc8 22.
Nc4 Nd5 23.Qc2 Bxc4 24.dxc4 Qxc4 25.Ne2 Qa2 26.Rd4 Nb4 27.Qb1 Qxa4 28.Rhd1 Qb3
29.Kd2 Rd8 30.Ke1 Rxd4 31.Nxd4 Qd5 32.Nf3 Qc4 33.Rd2 g6 34.Ne5 Qf4 35.Nd7 Rb5
36.g3 Qf3 37.Qd1 Qe4+ 38.Kf1 Qh1+ 39.Ke2 Qxd1+ 40.Kxd1 Kg7 41.Kc1 Rd5 42.Nb6
Rxd2 43.Kxd2 c5 44.Na4 Na6 45.Kc3 Kf6 46.Kc4 Ke5 47.Kb5 Nb4 48.Nxc5 Kd5 49.Nb3
Nd3 50.Kxa5 Nxb2 51.Kb5 Nc4 52.Nc5 Nd6+ 53.Kb4 Ne4 54.Nd3 Kd4 55.Nf4 Nxf2 0-1

[Event "Cto de Aragon  Equipos Cat Preferente"]
[Site "Aragon"]
[Date "2010.02.27"]
[Round "6.62"]
[White "Azaiez F"]
[Black "Garcia Andres Daniel"]
[Result "1-0"]
[WhiteElo "2014"]
[BlackElo "1980"]

1.e4 e5 2.Nf3 Nc6 3.Bb5 a6 4.Ba4 Nf6 5.O-O Nxe4 6.d4 b5 7.Bb3 d5 8.dxe5 Be6 9.
c3 Be7 10.Bc2 O-O 11.Nbd2 Bf5 12.Nb3 Bg4 13.Qd3 g6 14.Nbd4 Nxd4 15.Nxd4 Bd7
16.Bh6 Re8 17.f3 Nc5 18.Qd2 Ne6 19.f4 c5 20.Nxe6 fxe6 21.Rf3 Bf8 22.Bg5 Qc7
23.Bf6 Bg7 24.Bxg7 Kxg7 25.Re1 Re7 26.f5 exf5 27.Qg5 Rxe5 28.Rxe5 Qxe5 29.Re3
h6 30.Rxe5 hxg5 31.Re7+ Kf6 32.Rxd7 Re8 33.Rd6+ Kg7 34.Kf2 Re5 35.Rxa6 d4 36.
cxd4 cxd4 37.Rd6 Rc5 38.Bd3 g4 39.Rxd4 Kf6 40.Rb4 Rd5 41.Ke2 Kg5 42.Rxb5 Rd8
43.g3 Rh8 44.Ke3 Rxh2 45.Bf1 Rc2 46.a4 Rc1 47.Be2 1-0

[Event "Cto de Aragon  Equipos Cat Preferente"]
[Site "Aragon"]
[Date "2010.02.27"]
[Round "6.63"]
[White "Alvarez Gonzalo Miguel Angel"]
[Black "Garcia Bueno Juan Pablo"]
[Result "1-0"]
[WhiteElo "1925"]
[BlackElo "1855"]

1.c4 e6 2.g3 d5 3.Bg2 Nf6 4.d4 c5 5.Nf3 Nc6 6.Nc3 Be7 7.O-O O-O 8.dxc5 Bxc5 9.
e3 Rb8 10.b3 dxc4 11.bxc4 Qc7 12.Nb5 Qb6 13.Rb1 a6 14.Nc3 Qc7 15.Na4 Rd8 16.
Qe2 Be7 17.c5 Qa5 18.Qc4 Nd7 19.Bd2 Qc7 20.Rfc1 Nde5 21.Nxe5 Nxe5 22.Qc3 Bf6
23.Qa5 Qd7 24.Bc3 Nc4 25.Qb4 Ne5 26.c6 Nxc6 27.Bxc6 bxc6 28.Qxb8 Bxc3 29.Nxc3
1-0

[Event "Cto de Aragon  Equipos Cat Preferente"]
[Site "Aragon"]
[Date "2010.02.27"]
[Round "6.64"]
[White "Garcia Valer Jesus V"]
[Black "Lafarga Bueno Daniel"]
[Result "1/2-1/2"]
[WhiteElo "1828"]
[BlackElo "1840"]

1.d4 Nf6 2.Nf3 d5 3.c4 e6 4.Nc3 Be7 5.Bg5 O-O 6.e3 h6 7.Bh4 b6 8.cxd5 Nxd5 9.
Bxe7 Qxe7 10.Nxd5 exd5 11.Rc1 Be6 12.Qa4 c5 13.Be2 c4 14.O-O Bd7 15.Qd1 Nc6
16.Re1 b5 17.Nd2 Rfe8 18.Bf1 Qf6 19.Qf3 Qxf3 20.Nxf3 Bf5 21.Nh4 Bh7 22.g3 Nb4
23.a3 Nd3 24.Bxd3 Bxd3 25.Nf3 f6 26.Nd2 a5 27.e4 dxe4 28.a4 Rab8 29.axb5 Rxb5
30.Nxc4 Bxc4 31.Rxc4 Rxb2 32.Rc5 Ra8 33.Rxe4 a4 34.Re7 a3 35.Rcc7 a2 36.Rxg7+
Kf8 37.Rgf7+ 1/2-1/2

[Event "Cto de Aragon  Equipos Cat Preferente"]
[Site "Aragon"]
[Date "2010.03.06"]
[Round "7.1"]
[White "Villuendas Valero Adrian"]
[Black "Adla Diego Gustavo"]
[Result "1/2-1/2"]
[WhiteElo "2184"]
[BlackElo "2506"]

1.d4 Nf6 2.Bg5 Ne4 3.Bf4 c5 4.f3 Nf6 5.dxc5 b6 6.c6 Nxc6 7.e4 e5 8.Bg5 h6 9.
Bxf6 Qxf6 10.Nc3 Bb4 11.Ne2 Ba6 12.Qd2 Nd4 13.a3 Bxe2 14.Bxe2 Bxc3 15.Qxc3 Qg5
16.g3 h5 17.Qd2 Qf6 18.Qd3 h4 19.O-O-O Qh6+ 20.Kb1 hxg3 21.hxg3 Qxh1 22.Rxh1
Rxh1+ 23.Ka2 Nxe2 24.Qxe2 Rc8 25.c3 Rh6 26.Qd2 d6 27.Qd5 Rc7 28.f4 exf4 29.
gxf4 Rd7 30.Qg5 Kf8 31.Qd5 Re6 32.a4 Kg8 33.e5 Kf8 34.Qd4 g6 35.exd6 Rdxd6 36.
Qh8+ Ke7 37.Qh4+ Rf6 38.a5 Rd5 39.a6 Ra5+ 40.Kb1 Rxa6 41.f5 gxf5 42.Qb4+ Rd6
43.Qh4+ Kd7 44.Qc4 Ra5 45.Qxf7+ 1/2-1/2

[Event "Cto de Aragon  Equipos Cat Preferente"]
[Site "Aragon"]
[Date "2010.03.06"]
[Round "7.2"]
[White "Glavina Rossi Pablo"]
[Black "Cantin Zaborras Valentin"]
[Result "1-0"]
[WhiteElo "2478"]
[BlackElo "2117"]

1.d4 d5 2.c4 c6 3.cxd5 cxd5 4.Nc3 e5 5.Nf3 e4 6.Ne5 Ne7 7.Bf4 f6 8.Qa4+ Nbc6
9.Nxc6 bxc6 10.e3 Bd7 11.Ba6 Qb6 12.O-O Nf5 13.g4 Nh4 14.b4 h5 15.b5 Nf3+ 16.
Kg2 g5 17.bxc6 Bxc6 18.Bb5 Bxb5 19.Nxb5 gxf4 20.Nc7+ Kf7 21.Qd7+ Be7 22.Qxd5+
Kg7 23.Ne6+ Kg6 24.Nxf4+ Kg7 25.Qxe4 Nh4+ 26.Kh1 1-0

[Event "Cto de Aragon  Equipos Cat Preferente"]
[Site "Aragon"]
[Date "2010.03.06"]
[Round "7.3"]
[White "Valiente Roy Jose Javier"]
[Black "Lopez Gracia Fernando"]
[Result "1-0"]
[WhiteElo "2060"]
[BlackElo "2303"]

1.Nf3 Nf6 2.c4 g6 3.b4 Bg7 4.Bb2 O-O 5.g3 d6 6.Bg2 e5 7.d3 h6 8.O-O Be6 9.Qc2
Qd7 10.Rc1 Bh3 11.Bh1 Nc6 12.b5 Ne7 13.a4 Ng4 14.Nbd2 f5 15.e4 Rf7 16.Bg2 Bxg2
17.Kxg2 b6 18.h3 Nf6 19.Bxe5 Nxe4 20.dxe4 dxe5 21.c5 Raf8 22.cxb6 cxb6 23.Ra3
fxe4 24.Qxe4 Nf5 25.Rd3 Qe7 26.Rc6 g5 27.Kg1 Kh8 28.Rdc3 Nd4 29.Rc8 Qf6 30.
Rxf8+ Rxf8 31.Kg2 Qf7 32.Nc4 Nxf3 33.Rxf3 Qe7 34.Rxf8+ Qxf8 35.Nxe5 Qf6 36.
Ng6+ Kg8 37.Ne7+ Kh8 38.Qa8+ Bf8 39.Qxf8+ 1-0

[Event "Cto de Aragon  Equipos Cat Preferente"]
[Site "Aragon"]
[Date "2010.03.06"]
[Round "7.4"]
[White "Moreno Gracia Daniel"]
[Black "Martin Barbero Roberto"]
[Result "1-0"]
[WhiteElo "2246"]
[BlackElo "2002"]

1.Nf3 Nf6 2.g3 g6 3.b3 Bg7 4.Bb2 O-O 5.d4 d6 6.Bg2 c6 7.O-O Nbd7 8.c4 Ne4 9.
Qc2 f5 10.d5 Ndf6 11.Nbd2 cxd5 12.cxd5 Bd7 13.Nxe4 fxe4 14.Ng5 Rc8 15.Qb1 Nxd5
16.Bxg7 Kxg7 17.Qxe4 Nf6 18.Qxb7 h6 19.Nf3 Rc7 20.Qb4 Qc8 21.Qd2 Rc2 22.Qe3 e5
23.Rac1 Ng4 24.Rxc2 Qxc2 25.Qxa7 Rf7 26.h3 Bb5 27.Qb6 Bxe2 28.hxg4 Bxf1 29.
Kxf1 Qd3+ 30.Kg1 Kh7 31.Qe3 Qb1+ 32.Kh2 Qxa2 33.g5 h5 34.Nd2 Qa1 35.Bd5 Rf8
36.Qb6 Qe1 37.Ne4 h4 38.gxh4 Qc1 39.Qxd6 Qf4+ 40.Kg1 Qg4+ 41.Ng3 Qf4 42.Qc5
Kg7 43.b4 Kh8 44.b5 Rb8 45.b6 e4 46.Bxe4 Rd8 47.b7 Qd2 48.Qe5+ 1-0

[Event "Cto de Aragon  Equipos Cat Preferente"]
[Site "Aragon"]
[Date "2010.03.06"]
[Round "7.5"]
[White "Garza Marco Sergio"]
[Black "Llorente Zaro Alfonso"]
[Result "1-0"]
[WhiteElo "2418"]
[BlackElo "2401"]

1.d4 Nf6 2.c4 c6 3.Nc3 d5 4.Nf3 g6 5.e3 Bg7 6.Bd3 O-O 7.O-O Bg4 8.h3 Bxf3 9.
Qxf3 dxc4 10.Bxc4 Nbd7 11.Rd1 e5 12.d5 c5 13.a4 Nb6 14.Bf1 Nc8 15.e4 Nd6 16.a5
Nfe8 17.Be3 Rc8 18.Na4 b6 19.axb6 axb6 20.b4 cxb4 21.Bxb6 Qh4 22.Nc5 Rb8 23.
Nd7 Rxb6 24.Nxb6 Nf6 25.Rdb1 Qxe4 26.Qxe4 Nfxe4 27.Rxb4 Rb8 28.Ra8 Rxa8 29.
Nxa8 Bh6 30.Nc7 Kg7 31.Bd3 Nc5 32.Bc2 Kf6 33.Kf1 Bd2 34.Rb6 Ke7 35.Rc6 Bb4 36.
Na6 Nxa6 37.Rxa6 h5 38.Ke2 Bc5 39.Rc6 Bb4 40.Rb6 Bc5 41.Rc6 Bb4 42.Kd3 Be1 43.
f3 Bb4 44.Ba4 h4 45.Kc2 Nf5 46.Rc7+ Kf6 47.Kd3 Nd6 48.Kc2 Nf5 49.Kb3 Be7 50.
Rd7 Bf8 51.Rd8 Be7 52.Ra8 Nd6 53.Ra7 e4 54.fxe4 Nxe4 55.Kc4 Nd6+ 56.Kd4 Nf5+
57.Ke4 Bc5 58.Ra6+ Nd6+ 59.Kf4 Bb4 60.Bc2 Bc5 61.Bd3 Bb4 62.Ra2 Be1 63.Kg4 Bg3
64.Re2 Kg7 65.Kf3 Kf6 66.Bc2 Nb5 67.Ke3 Be5 68.Kd3 Nd6 69.Re1 Bg3 70.Re2 Be5
71.Bd1 Bg3 72.Kd4 Nb7 73.Kc4 Bd6 74.Kb5 Bg3 75.Kc6 Nd6 76.Bc2 Nc4 77.Kd7 Nb6+
78.Kc6 Nc4 79.Kc5 Nd6 80.Bd3 Nc8 81.Re8 Bf2+ 82.Kb4 Nd6 83.Re2 Bg3 84.Be4 Ke5
85.Bf3+ Kf6 86.Kc5 Nb7+ 87.Kc6 Na5+ 88.Kd7 Nb7 89.Rc2 Kg5 90.Rc6 Na5 91.Rc3
Nb7 92.Rc6 Na5 93.Ra6 Nb7 94.Ke7 f5 95.Rb6 Na5 96.d6 Nc4 97.d7 Bc7 98.Rc6 1-0

[Event "Cto de Aragon  Equipos Cat Preferente"]
[Site "Aragon"]
[Date "2010.03.06"]
[Round "7.6"]
[White "Ramon Perez Jose Luis"]
[Black "Fontana Sotomayour Luis Javier"]
[Result "0-1"]
[WhiteElo "2312"]
[BlackElo "2353"]

1.e4 Nf6 2.Nc3 d5 3.e5 d4 4.exf6 dxc3 5.fxg7 cxd2+ 6.Bxd2 Bxg7 7.Qf3 Qd4 8.Bc3
Qg4 9.Bxg7 Qxg7 10.O-O-O Nc6 11.Qg3 O-O 12.Ne2 Bf5 13.Qxg7+ Kxg7 14.Nd4 Nxd4
15.Rxd4 Rfd8 16.Rxd8 Rxd8 17.Be2 Be4 18.f3 Bc6 19.Bd3 Rd4 20.Kd2 h6 21.Ke3 Rd6
22.b4 Kf6 23.b5 Bd7 24.g4 e5 25.h4 Rd4 26.Rg1 Ra4 27.Be4 Ra3+ 28.Kd2 c6 29.g5+
hxg5 30.Rxg5 cxb5 31.Bxb7 Bf5 32.Rg8 Rxa2 33.Be4 Bxe4 34.fxe4 b4 35.Kd3 a5 36.
h5 Ra3+ 37.Kc4 Rc3+ 38.Kb5 Rxc2 39.Kxa5 b3 40.h6 Rh2 41.Rb8 b2 42.h7 Rxh7 43.
Rxb2 Kg5 44.Rf2 f6 45.Kb6 Rd7 46.Kc5 Rd4 47.Rg2+ Kf4 48.Rf2+ Kxe4 49.Rxf6 Rd1
50.Re6 Kf4 51.Kc4 Ke4 52.Kc3 Rd5 53.Rh6 Kf3 54.Rh5 Kg4 55.Rh1 e4 56.Kc2 Kg3
57.Rh8 e3 58.Kc1 e2 59.Rg8+ Kf2 60.Rf8+ Ke1 61.Kc2 Rc5+ 62.Kb2 Rc4 63.Kb3 Kd1
64.Rd8+ Kc1 65.Re8 Rc2 66.Re7 Kd1 67.Re8 Rd2 0-1

[Event "Cto de Aragon  Equipos Cat Preferente"]
[Site "Aragon"]
[Date "2010.03.06"]
[Round "7.7"]
[White "Ramiro Ovejero Juan Luis"]
[Black "Gomez Luesia Jesus C"]
[Result "1-0"]
[WhiteElo "2346"]
[BlackElo "2193"]

1.d4 c5 2.d5 e5 3.e4 d6 4.Be2 Be7 5.Nf3 Nd7 6.O-O Nf8 7.a4 Ng6 8.Bb5+ Kf8 9.
Be2 h5 10.Nc3 Nh6 11.Rb1 Bg4 12.b4 cxb4 13.Rxb4 Rc8 14.Rb3 Bxf3 15.Bxf3 h4 16.
Be3 b6 17.Nb5 a6 18.Na7 Rc5 19.Bxc5 dxc5 20.d6 Bxd6 21.Rd3 Qc7 22.Rxd6 Qxa7
23.Rd7 1-0

[Event "Cto de Aragon  Equipos Cat Preferente"]
[Site "Aragon"]
[Date "2010.03.06"]
[Round "7.8"]
[White "Valiente Gimenez Jose Luis"]
[Black "Antoli Royo Joaquin Miguel"]
[Result "0-1"]
[WhiteElo "2128"]
[BlackElo "2334"]

1.d4 Nf6 2.c4 c5 3.d5 e6 4.Nc3 exd5 5.cxd5 d6 6.Nf3 g6 7.g3 Bg7 8.Bg2 O-O 9.
O-O Nbd7 10.h3 a6 11.a4 Rb8 12.a5 b5 13.axb6 Nxb6 14.Nd2 Nfd7 15.Qc2 Ne5 16.
Na4 Bf5 17.e4 Nxa4 18.exf5 Nxb2 19.Rxa6 Nbd3 20.Ne4 Nb4 21.Qe2 Nxa6 22.Qxa6
gxf5 23.Ng5 h6 24.Nf3 Qb6 25.Qe2 Qb5 26.Qe3 Qd3 27.Qf4 Nxf3+ 28.Bxf3 Rb4 29.
Qe3 Qxe3 30.Bxe3 Be5 31.Bxh6 Rfb8 32.Be3 f4 33.Bd2 Rd4 34.Bc3 Rd3 35.Bxe5 dxe5
36.Be4 Rd4 37.Re1 fxg3 38.fxg3 Rb3 39.Kh2 Rd2+ 40.Bg2 Rbb2 41.Rg1 Rxd5 0-1

[Event "Cto de Aragon  Equipos Cat Preferente"]
[Site "Aragon"]
[Date "2010.03.06"]
[Round "7.9"]
[White "Cebrian Valverde Jose Antonio"]
[Black "Martinez Catalin Francisco Javier"]
[Result "1-0"]
[WhiteElo "2189"]
[BlackElo "2272"]

1.d4 {0} 1...g6 2.c4 Bg7 3.Nc3 d6 4.e4 a6 5.Nf3 Bg4 6.Be3 Nc6 7.d5 Ne5 8.Be2
Nxf3+ 9.gxf3 Bh5 10.Bd4 Nf6 11.f4 Bxe2 12.Qxe2 O-O 13.O-O-O Qc8 14.h4 c5 15.
Bxf6 Bxf6 16.h5 b5 17.Rdg1 Bg7 18.f5 g5 19.Rxg5 Kh8 20.h6 Be5 21.Qg4 bxc4 22.
f4 Bf6 23.Rg7 Rg8 24.Rg1 Qf8 25.Rxg8+ Qxg8 26.Qd1 Qf8 27.Qh5 Re8 28.Rg2 e6 29.
e5 dxe5 30.Ne4 Qe7 31.d6 Qd8 32.Qxf7 Rf8 33.Qxe6 exf4 34.Nxf6 1-0

[Event "Cto de Aragon  Equipos Cat Preferente"]
[Site "Aragon"]
[Date "2010.03.06"]
[Round "7.10"]
[White "Valles Mata David"]
[Black "Gimeno Oteo Marco Antonio"]
[Result "1-0"]
[WhiteElo "2150"]
[BlackElo "2142"]

1.e4 e5 2.Bc4 Nf6 3.d3 c6 4.Nf3 Be7 5.O-O d6 6.Re1 O-O 7.Nbd2 a5 8.a4 Nbd7 9.
c3 b6 10.d4 Bb7 11.Bb3 Qc7 12.Nf1 c5 13.d5 c4 14.Bc2 Rfe8 15.Ng3 Bf8 16.Nf5 h6
17.h3 Kh7 18.g4 g6 19.Ng3 Ng8 20.g5 Bc8 21.gxh6 Bxh6 22.Ng5+ Kg7 23.h4 Nf8 24.
Kg2 Qd7 25.Rh1 f6 26.Nh3 Bxc1 27.Rxc1 Nh6 28.h5 g5 29.f3 Nh7 30.Nf2 Qb7 31.Qe2
Qc7 32.Rhf1 Rb8 33.Ng4 Bd7 34.Ne3 Rec8 35.Nef5+ Bxf5 36.exf5 b5 37.Rfd1 b4 38.
cxb4 Rxb4 39.Qe3 Rxb2 40.Qc3 Rcb8 41.Rb1 R8b3 42.Qxb2 Rxb2 43.Rxb2 g4 44.Rdb1
gxf3+ 45.Kxf3 Ng5+ 46.Kg2 Qc5 47.Rb7+ Nhf7 48.R7b5 Qe3 49.R1b2 Nh6 50.Rb7+
Ngf7 51.Be4 Ng4 {irreproducible} 1-0

[Event "Cto de Aragon  Equipos Cat Preferente"]
[Site "Aragon"]
[Date "2010.03.06"]
[Round "7.11"]
[White "Gutierrez Minguenza Ruben"]
[Black "Solano Lasierra Javier"]
[Result "0-1"]
[WhiteElo "2063"]
[BlackElo "2142"]

1.d4 {0} 1...Nf6 2.Nf3 d5 3.c4 e6 4.Nc3 c6 5.e3 Nbd7 6.Qc2 Be7 7.Bd3 dxc4 8.
Bxc4 b5 9.Bd3 a6 10.O-O c5 11.Rd1 Qb6 12.a4 c4 13.Be2 Bb7 14.axb5 axb5 15.
Rxa8+ Bxa8 16.Bd2 Qb7 17.Ra1 O-O 18.Ra5 b4 19.Nd1 Qc7 20.Ra1 Rc8 21.Rc1 Nb6
22.Ne5 Be4 23.Bd3 Bxd3 24.Nxd3 Nfd5 25.Ne5 c3 26.bxc3 bxc3 27.Qb3 c2 28.Nb2
Bd6 29.Nf3 Nc3 30.Bxc3 Qxc3 31.Qxc3 Rxc3 32.Ne1 Ba3 33.Ned3 Na4 34.Nxa4 Rxd3
0-1

[Event "Cto de Aragon  Equipos Cat Preferente"]
[Site "Aragon"]
[Date "2010.03.06"]
[Round "7.12"]
[White "Felez Casedas Carlos"]
[Black "Palomar Ramon Santiago"]
[Result "1-0"]
[WhiteElo "1997"]
[BlackElo "2042"]

1.e4 c5 2.Nc3 Nc6 3.g3 g6 4.Bg2 Bg7 5.d3 d6 6.Be3 Nf6 7.h3 O-O 8.Nge2 Rb8 9.
Qd2 Re8 10.O-O b5 11.f4 b4 12.Nd1 Bb7 13.g4 Nd7 14.Ng3 a5 15.Rb1 Nd4 16.c3 Nb5
17.c4 Nd4 18.Nf2 e6 19.g5 f5 20.gxf6 Qxf6 21.Ng4 Qe7 22.f5 exf5 23.Bg5 Nf6 24.
exf5 Bxg2 25.Qxg2 Rf8 26.Ne4 Nxg4 27.Bxe7 Ne3 28.Qg5 Nxf1 29.Rxf1 Rxf5 30.Rxf5
gxf5 31.Nd2 Kf7 32.Bxd6 Rb6 33.Qh5+ Kf6 34.Bxc5 Ne2+ 1-0

[Event "Cto de Aragon  Equipos Cat Preferente"]
[Site "Aragon"]
[Date "2010.03.06"]
[Round "7.13"]
[White "Gomez Anadon Daniel"]
[Black "Baron Rodriguez Jesus"]
[Result "1/2-1/2"]
[WhiteElo "2256"]
[BlackElo "2436"]

1.Nf3 b5 2.e4 a6 3.d4 Bb7 4.Bd3 e6 5.O-O c5 6.c3 d5 7.e5 Nd7 8.Be3 Nh6 9.Qe2
Qb6 10.Nbd2 Be7 11.dxc5 Bxc5 12.Bxh6 gxh6 13.b4 Bf8 14.a4 bxa4 15.Rxa4 Bg7 16.
Nb3 O-O 17.Na5 Bc6 18.Nxc6 Qxc6 19.Ra3 Qc7 20.Re1 a5 21.bxa5 Rxa5 22.Rxa5 Qxa5
23.c4 dxc4 24.Bxc4 Rc8 25.Bb5 Nf8 26.h4 Ng6 27.Bd3 Rc5 28.Bxg6 hxg6 29.Qe4 Rd5
30.Kh2 Qc5 31.Kg1 Qc3 32.Re3 Qb2 33.Re2 Rd1+ 34.Re1 Rd5 35.Re2 Qb8 36.Re1 Qc7
37.Qe3 Rc5 38.Qe4 Rc2 39.Re2 Rc4 40.Qe3 Kh7 41.Qd2 Bf8 42.Qd3 Kg7 43.g3 Qc6
44.Re3 Rc1+ 45.Kg2 Bc5 46.Re2 Bb6 47.Rd2 Rc3 48.Qe2 g5 49.hxg5 hxg5 50.g4 Bc7
51.Rd4 Rc2 52.Qe3 Bb6 53.Qxg5+ Kf8 54.Qh6+ Kg8 55.Qg5+ Kf8 56.Qh6+ Kg8 1/2-1/2